Quiz do Chile - Statistics

Estatísticas Gerais
  • Esse quiz foi jogado 2 979 vezes
  • A pontuação média é 13 de 20
Estatísticas das Respostas
Dica Resposta % Correto
Língua oficial Espanhol
98%
País fazendo fronteira com o Chile Argentina
97%
Capital Santiago
97%
País fazendo fronteira com o Chile Bolívia
96%
País fazendo fronteira com o Chile Peru
96%
Moeda oficial Peso
95%
Cordilheira que se estende a extensão Chile Andes
93%
Em 1960, o Chile tinha o mais forte deles já registrado, medindo 9,5 na escala de magnitude de momento Terremoto
84%
Deserto mais seco do mundo Atacama
81%
Ilha no Pacífico, também conhecida como Rapa Nui, descoberta pela primeira vez em 5 de abril de 1722 Ilha de {Páscoa}
71%
Arquipélago mais ao sul Terra do {Fogo}
60%
Poeta que ganhou o Prêmio Nobel de 1971 {Pablo} Neruda
58%
Metal que representa 60% das exportações do Chile Cobre
57%
Ditador do Chile, 1973-1990 Augusto Pinochet
54%
Guerra em que a Bolívia perdeu seu litoral para o Chile Guerra do {Pacífico}
38%
Segunda maior cidade Valparaíso
34%
Ojos del Salado, com 6.893 metros, é o ______ mais alto do mundo Vulcão
33%
Estreito que separa o acima do continente Estreito de {Magalhães}
29%
Como a Noruega, o Chile têm muitas dessas profundas enseadas oceânicas Fiordes
29%
Ponto mais ao sul Cabo {Horn}
20%
Nenhum quiz correspondente encontrado
Distribuição das Pontuações
Porcentagem de Pessoas com Cada Pontuação
Percentil de Números Respondidos
Sua Pontuação Histórica
Você não jogou esse quiz